[Event "9. Lovsprings EMT Basis 2 1997"]
[Site "Ringsted"]
[Date "1997.03.14"]
[Round "1"]
[White "Andersen, Claus"]
[Black "Paustian, Dennis"]
[Result "1/2-1/2"]
[WhiteElo "1611"]
[BlackElo "1535"]
[PlyCount "34"]
[EventDate "1997.??.??"]

1. e4 c5 2. Nf3 Nc6 3. d4 cxd4 4. Nxd4 Nf6 5. Nc3 e5 6. Nb3 Bb4 7. Bd3 d5 8.
exd5 Nxd5 9. Bd2 Nxc3 10. Bxc3 Bxc3+ 11. bxc3 O-O 12. O-O Qg5 13. Qd2 Qxd2 14.
Nxd2 Be6 15. a3 f5 16. f3 Rad8 17. Rfe1 a6 1/2-1/2

[Event "9. Lovsprings EMT Basis 2 1997"]
[Site "Ringsted"]
[Date "1997.03.14"]
[Round "1"]
[White "Dickow, Flemming"]
[Black "Elholm, Tommy"]
[Result "0-1"]
[WhiteElo "1585"]
[BlackElo "1644"]
[PlyCount "54"]
[EventDate "1997.??.??"]

1. e4 c5 2. Nf3 d6 3. d4 cxd4 4. Nxd4 Nf6 5. Nc3 a6 6. Bg5 e6 7. f4 Be7 8. Qf3
Qc7 9. O-O-O Nbd7 10. g4 b5 11. Bd3 Bb7 12. Rhe1 Nc5 13. Re3 Rc8 14. Bxf6 Bxf6
15. Bxb5+ Nd7 16. Bxd7+ Qxd7 17. g5 Bxd4 18. Rxd4 O-O 19. Qd1 d5 20. exd5 exd5
21. Nxd5 Bxd5 22. Rxd5 Qa4 23. Kb1 Qxf4 24. Rh3 Rfe8 25. a3 Rb8 26. Qd3 g6 27.
Qg3 Qf1+ 0-1

[Event "9. Lovsprings EMT Basis 2 1997"]
[Site "Ringsted"]
[Date "1997.03.14"]
[Round "1"]
[White "Hansen, Henning"]
[Black "Nielsen, Carl Otto"]
[Result "0-1"]
[WhiteElo "1590"]
[BlackElo "1668"]
[PlyCount "136"]
[EventDate "1997.??.??"]

1. e4 c6 2. d4 d5 3. exd5 cxd5 4. c4 e6 5. c5 Nf6 6. b4 Be7 7. Nf3 O-O 8. a4 b6
9. Na3 a5 10. Qb3 axb4 11. Qxb4 Nbd7 12. Be3 bxc5 13. dxc5 e5 14. Bb5 d4 15.
Bd2 Bxc5 16. Qc4 Qe7 17. Nc2 Bb7 18. Qe2 Rfe8 19. Nh4 Be4 20. Bd3 Bxd3 21. Qxd3
e4 22. Qg3 Nh5 23. Qh3 g6 24. O-O d3 25. Ne1 Bd4 26. Ra2 Qe6 27. Qxe6 Rxe6 28.
g4 Ng7 29. Nhg2 Rea6 30. a5 Bb6 31. Nf4 Bxa5 32. Nd5 Bxd2 33. Rxd2 Ra2 34. Rd1
R8a5 35. Nc3 Re2 36. Nxe2 dxe2 37. Rxd7 Ne6 38. f3 exf1=Q+ 39. Kxf1 exf3 40.
Nxf3 Ng5 41. Nd4 Ra1+ 42. Kg2 Ra4 43. Kg3 Ra3+ 44. Kg2 Kf8 45. Rd8+ Kg7 46. Rd7
h6 47. h4 Ne4 48. Ne6+ Kf6 49. Nd8 Rg3+ 50. Kh2 Rxg4 51. Rxf7+ Ke5 52. Kh3 h5
53. Rf3 Kd5 54. Nf7 Rg1 55. Kh2 Rg4 56. Kh3 Kd4 57. Nh6 Rg1 58. Kh2 Ra1 59. Nf7
Ra2+ 60. Kh3 Nf2+ 61. Kg3 Ng4 62. Ng5 Re2 63. Rf4+ Kd3 64. Nh3 Ne3 65. Nf2+ Kc3
66. Kf3 Re1 67. Rf6 Nc4 68. Rxg6 Ne5+ 0-1

[Event "9. Lovsprings EMT Basis 2 1997"]
[Site "Ringsted"]
[Date "1997.03.14"]
[Round "1"]
[White "Jensen, Dan Bronnum"]
[Black "Henriksen, Kasper"]
[Result "1-0"]
[WhiteElo "1611"]
[BlackElo "1580"]
[PlyCount "25"]
[EventDate "1997.??.??"]

1. d4 Nf6 2. Nc3 d5 3. Bg5 Nbd7 4. Nf3 c6 5. e3 e6 6. a3 c5 7. e4 cxd4 8. Qxd4
Bc5 9. Qa4 Qb6 10. O-O-O Nxe4 11. Nxe4 dxe4 12. Ne5 Bd6 13. Nc4 1-0

[Event "9. Lovsprings EMT Basis 2 1997"]
[Site "Ringsted"]
[Date "1997.03.14"]
[Round "1"]
[White "Lassur, Benjamin"]
[Black "Andersson, Martin"]
[Result "1-0"]
[WhiteElo "1686"]
[BlackElo "1597"]
[PlyCount "107"]
[EventDate "1997.??.??"]

1. c4 Nf6 2. Nc3 g6 3. g3 Bg7 4. d3 d6 5. Bg2 Nc6 6. Bg5 Bd7 7. Qd2 h5 8. Nf3
Qc8 9. Qe3 Ng4 10. Qd2 Nce5 11. Nxe5 Nxe5 12. Qe3 e6 13. Qf4 Nc6 14. Bf6 Bxf6
15. Qxf6 O-O 16. h3 Qd8 17. Ne4 Be8 18. g4 Qxf6 19. Nxf6+ Kg7 20. g5 Rb8 21.
Rb1 Nb4 22. a3 Nc2+ 23. Kd2 Nd4 24. b4 Nf5 25. h4 Ne7 26. Rb2 Nf5 27. Nxe8+
Rfxe8 28. Rg1 Ne7 29. e4 c6 30. a4 d5 31. Rc1 Rf8 32. Bh3 dxe4 33. dxe4 Rbd8+
34. Ke3 Rd7 35. Rcc2 Rfd8 36. Rd2 Rxd2 37. Rxd2 Rxd2 38. Kxd2 Nc8 39. Kd3 Kf8
40. Kd4 Ke7 41. f4 Nb6 42. a5 Nd7 43. c5 f5 44. Bg2 Nb8 45. exf5 exf5 46. b5 a6
47. bxc6 bxc6 48. Bf1 Kd7 49. Bc4 Ke7 50. Ba2 Nd7 51. Bb3 Nb8 52. Bc4 Kf8 53.
Ke5 Ke7 54. Be6 1-0

[Event "9. Lovsprings EMT Basis 2 1997"]
[Site "Ringsted"]
[Date "1997.03.14"]
[Round "1"]
[White "Olsen, Michael"]
[Black "Mouritsen, Jan"]
[Result "1-0"]
[WhiteElo "1685"]
[BlackElo "1524"]
[PlyCount "57"]
[EventDate "1997.??.??"]

1. e4 d5 2. exd5 Qxd5 3. Nc3 Qa5 4. Bc4 Nf6 5. d3 Bf5 6. Bd2 c6 7. Nd5 Qd8 8.
Nxf6+ gxf6 9. g4 Bg6 10. f4 e6 11. Qe2 f5 12. Bc3 Rg8 13. g5 h5 14. O-O-O Qd7
15. Nf3 Bd6 16. Be5 b5 17. Bb3 a5 18. a4 Na6 19. d4 Rb8 20. axb5 cxb5 21. d5
Rb6 22. dxe6 fxe6 23. Bxd6 Rxd6 24. Rxd6 Qxd6 25. Bxe6 Qxf4+ 26. Kb1 Rg7 27.
Bxf5+ Kf8 28. Bxg6 Rxg6 29. Nh4 1-0

[Event "9. Lovsprings EMT Basis 2 1997"]
[Site "Ringsted"]
[Date "1997.03.14"]
[Round "1"]
[White "Svava, Mogens"]
[Black "Eriksen, Tommy"]
[Result "1/2-1/2"]
[WhiteElo "1551"]
[BlackElo "1590"]
[PlyCount "104"]
[EventDate "1997.??.??"]

1. f4 Nf6 2. Nf3 e6 3. c4 c5 4. Nc3 Nc6 5. e4 Be7 6. e5 Ng4 7. d4 cxd4 8. Nxd4
Nxd4 9. Qxd4 Bh4+ 10. g3 Be7 11. Be2 Nh6 12. Ne4 Nf5 13. Qc3 b6 14. Bf3 Rb8 15.
Bd2 Qc7 16. O-O Ba6 17. b3 O-O 18. Be1 b5 19. cxb5 Qb6+ 20. Bf2 Qxb5 21. Rfd1
Rfc8 22. Qd2 Rc7 23. Rac1 Rbc8 24. Rxc7 Rxc7 25. Nd6 Qb8 26. g4 Nh4 27. Be4 Bb5
28. Qe1 Ng6 29. Bg3 Bc6 30. Bxc6 Rxc6 31. f5 Nf8 32. Rd2 Bg5 33. Re2 Ra6 34.
Qf2 Qb4 35. h3 Rc6 36. fxe6 Qb6 37. exf7+ Kh8 38. Qxb6 axb6 39. Ne4 Be7 40. h4
Ne6 41. Kg2 Rc8 42. Nd6 Rf8 43. Rf2 Nd8 44. g5 g6 45. Kh3 Ne6 46. Kg4 Kg7 47.
Ne8+ Kh8 48. Nf6 Bxf6 49. Rxf6 Kg7 50. Bf2 b5 51. a4 bxa4 52. bxa4 Ra8 1/2-1/2

[Event "9. Lovsprings EMT Basis 2 1997"]
[Site "Ringsted"]
[Date "1997.03.21"]
[Round "2"]
[White "Andersson, Martin"]
[Black "Dickow, Flemming"]
[Result "1/2-1/2"]
[WhiteElo "1597"]
[BlackElo "1585"]
[PlyCount "128"]
[EventDate "1997.??.??"]

1. e4 c5 2. Nf3 e6 3. d4 cxd4 4. Nxd4 a6 5. Be3 Nf6 6. Bd3 Qc7 7. O-O Bc5 8. c3
d6 9. Nd2 Nbd7 10. h3 O-O 11. Qe2 Ne5 12. Bc2 b5 13. N4f3 Nxf3+ 14. Qxf3 Bb7
15. Qe2 Bxe3 16. Qxe3 b4 17. c4 d5 18. exd5 exd5 19. Rac1 dxc4 20. Nxc4 Qc6 21.
f3 Qc7 22. Nb6 Qg3 23. Nxa8 Bxa8 24. Qf2 Qf4 25. Bd3 Bb7 26. Rc4 Qd6 27. Qd4
Qxd4+ 28. Rxd4 a5 29. b3 g6 30. Bc4 Re8 31. Rd6 Kg7 32. Rb6 Bd5 33. Bxd5 Nxd5
34. Rb5 Nc3 35. Rxa5 Re7 36. Rf2 Re1+ 37. Kh2 Nd1 38. Rd2 Ne3 39. Rf2 Nf1+ 40.
Rxf1 Rxf1 41. Ra4 Ra1 42. Kg3 g5 43. Kg4 Kg6 44. Kg3 f6 45. Kf2 Rc1 46. Rxb4
Rc2+ 47. Kg3 Rxa2 48. f4 h6 49. fxg5 hxg5 50. Rc4 Rb2 51. Rc3 f5 52. Kf3 Kh5
53. Kg3 f4+ 54. Kf3 Kh4 55. Rd3 Kh5 56. g3 fxg3 57. Kxg3 Rb1 58. Kf3 Kh4 59.
Ke4 Rh1 60. Kf5 Rf1+ 61. Ke5 Rh1 62. Kf5 Rf1+ 63. Ke4 Rh1 64. Kf5 Rf1+ 1/2-1/2

[Event "9. Lovsprings EMT Basis 2 1997"]
[Site "Ringsted"]
[Date "1997.03.21"]
[Round "2"]
[White "Elholm, Tommy"]
[Black "Lassur, Benjamin"]
[Result "1-0"]
[WhiteElo "1644"]
[BlackElo "1686"]
[PlyCount "35"]
[EventDate "1997.??.??"]

1. d4 Nf6 2. c4 e5 3. dxe5 Ng4 4. Nf3 Nc6 5. Nc3 Bb4 6. Bd2 Qe7 7. e3 Ngxe5 8.
Be2 d6 9. O-O Nxf3+ 10. Bxf3 Ne5 11. Nd5 Nxf3+ 12. Qxf3 Qd8 13. Bxb4 h5 14. Bc3
Qg5 15. Nxc7+ Kd8 16. Nxa8 Bg4 17. Qxb7 Rh6 18. Qd5 1-0

[Event "9. Lovsprings EMT Basis 2 1997"]
[Site "Ringsted"]
[Date "1997.03.21"]
[Round "2"]
[White "Eriksen, Tommy"]
[Black "Paustian, Dennis"]
[Result "1-0"]
[WhiteElo "1590"]
[BlackElo "1535"]
[PlyCount "73"]
[EventDate "1997.??.??"]

1. Nf3 Nf6 2. c4 e6 3. b3 d5 4. Bb2 c5 5. cxd5 exd5 6. e3 Nc6 7. d4 cxd4 8.
Nxd4 Bb4+ 9. Nc3 Ne4 10. Nde2 Bf5 11. a3 Nxc3 12. Nxc3 Bxc3+ 13. Bxc3 O-O 14.
Qd2 Re8 15. Rd1 Be6 16. Qb2 Qg5 17. g3 Rad8 18. Bg2 d4 19. Bxd4 Nxd4 20. Rxd4
Rxd4 21. Qxd4 Qa5+ 22. b4 Qxa3 23. O-O Bc8 24. Ra1 Qb3 25. Bd5 Qc2 26. Rxa7 Qc7
27. Qc5 Qd7 28. b5 Rd8 29. Ra8 g6 30. e4 Qg4 31. Qe7 Rf8 32. Bxb7 Qd1+ 33. Kg2
Qd7 34. Qxd7 Bxd7 35. b6 Re8 36. Rxe8+ Bxe8 37. Ba8 1-0

[Event "9. Lovsprings EMT Basis 2 1997"]
[Site "Ringsted"]
[Date "1997.03.21"]
[Round "2"]
[White "Henriksen, Kasper"]
[Black "Riise, Kim"]
[Result "0-1"]
[WhiteElo "1580"]
[BlackElo "1560"]
[PlyCount "58"]
[EventDate "1997.??.??"]

1. d4 Nf6 2. c4 g6 3. Nc3 Bg7 4. Nf3 d6 5. g3 O-O 6. Bg2 c5 7. e4 Na6 8. O-O
Re8 9. Bg5 h6 10. Be3 Ng4 11. Bc1 Nb4 12. h3 cxd4 13. Nxd4 Ne5 14. b3 Nbc6 15.
Be3 Nxd4 16. Bxd4 Bd7 17. Qd2 Qc8 18. f4 Nc6 19. Bxg7 Kxg7 20. Kh2 f5 21. Rad1
fxe4 22. c5 e3 23. Qxe3 dxc5 24. Qxc5 e5 25. fxe5 Nxe5 26. Qd4 Bc6 27. Rde1
Bxg2 28. Rxe5 Qxh3+ 29. Kg1 Qh1+ 0-1

[Event "9. Lovsprings EMT Basis 2 1997"]
[Site "Ringsted"]
[Date "1997.03.21"]
[Round "2"]
[White "Mouritsen, Jan"]
[Black "Hansen, Henning"]
[Result "1-0"]
[WhiteElo "1524"]
[BlackElo "1590"]
[PlyCount "73"]
[EventDate "1997.??.??"]

1. d4 d5 2. c4 c6 3. cxd5 cxd5 4. Nc3 Nc6 5. Nf3 Nf6 6. e3 Bf5 7. Bd3 e6 8. O-O
Bd6 9. Re1 O-O 10. e4 dxe4 11. Nxe4 Nxe4 12. Bxe4 Bxe4 13. Rxe4 Qc7 14. Rh4 f6
15. d5 exd5 16. Qxd5+ Rf7 17. Be3 Rd8 18. Qe4 g6 19. Rc1 Qd7 20. h3 Bc7 21. Qa4
Ne5 22. Nxe5 Bxe5 23. Qc2 Qd5 24. Rc4 Rfd7 25. Bf4 g5 26. Bxe5 Qxe5 27. Rc8 Qd5
28. Rxd8+ Rxd8 29. a3 Kg7 30. Qe2 Qd6 31. Qe4 Rd7 32. Qe2 a6 33. h4 b5 34. hxg5
fxg5 35. Qe3 Qf6 36. Qc3 Rd2 37. Qxd2 1-0

[Event "9. Lovsprings EMT Basis 2 1997"]
[Site "Ringsted"]
[Date "1997.03.21"]
[Round "2"]
[White "Nielsen, Carl Otto"]
[Black "Olsen, Michael"]
[Result "0-1"]
[WhiteElo "1668"]
[BlackElo "1685"]
[PlyCount "90"]
[EventDate "1997.??.??"]

1. d4 d5 2. c4 c6 3. Nf3 g6 4. Nc3 dxc4 5. a4 Bg7 6. e3 Nf6 7. Bxc4 e6 8. O-O
b6 9. b4 c5 10. Bb5+ Nfd7 11. bxc5 bxc5 12. Ba3 O-O 13. Ne4 a6 14. Bd3 f5 15.
Nxc5 Nxc5 16. Bxc5 Re8 17. Qb3 Nc6 18. Rab1 Rb8 19. Qa2 Rxb1 20. Rxb1 Kh8 21.
Bb6 Qd7 22. Bc4 h6 23. d5 exd5 24. Bxd5 Ne5 25. Nxe5 Rxe5 26. Bf7 Qc6 27. Qd2
Bd7 28. Bd4 Re7 29. Rb6 Rxf7 30. Rxc6 Bxc6 31. Bxg7+ Rxg7 32. Qd8+ Kh7 33. Qa5
Rd7 34. h4 Bb7 35. h5 Rg7 36. g3 Rd7 37. Kf1 Bf3 38. hxg6+ Kg8 39. Qe1 Rd1 40.
a5 Rxe1+ 41. Kxe1 Kg7 42. Kd2 Kxg6 43. Kc3 Kf6 44. Kd4 Ke6 45. Kc5 Kf6 0-1

[Event "9. Lovsprings EMT Basis 2 1997"]
[Site "Ringsted"]
[Date "1997.03.21"]
[Round "2"]
[White "Schmidt, Torben"]
[Black "Jensen, Dan Bronnum"]
[Result "1-0"]
[WhiteElo "1644"]
[BlackElo "1611"]
[PlyCount "119"]
[EventDate "1997.??.??"]

1. e4 e5 2. Nf3 Nc6 3. Bb5 a6 4. Ba4 d6 5. c3 Nf6 6. d3 h6 7. h3 Be7 8. O-O Bd7
9. Re1 O-O 10. Be3 b5 11. Bc2 Nh7 12. Nbd2 Bf6 13. Nf1 Ne7 14. d4 Ng6 15. Qd2
Nh4 16. N1h2 Qc8 17. Qe2 Ng6 18. Rad1 exd4 19. cxd4 Be7 20. e5 Bf5 21. Bc1 Bxc2
22. Qxc2 dxe5 23. Nxe5 Nxe5 24. dxe5 c5 25. f4 c4 26. a3 Bh4 27. Re2 Rd8 28.
Nf3 Rxd1+ 29. Qxd1 Be7 30. Qc2 Qc7 31. Bd2 Rd8 32. b3 Qc5+ 33. Be3 Qxa3 34.
bxc4 Rc8 35. Qa2 Rxc4 36. Qd2 Nf8 37. f5 Qc3 38. Qd5 Bc5 39. Bxc5 Rxc5 40. Qb7
a5 41. e6 fxe6 42. fxe6 Rc7 43. Qxc7 Qxc7 44. e7 Qc1+ 45. Ne1 Qc5+ 46. Kh1 Ng6
47. e8=Q+ Kh7 48. Rc2 Qf5 49. Qe2 b4 50. Qd3 Qf6 51. Nf3 a4 52. Qd4 Qe7 53. Rc4
a3 54. Rxb4 a2 55. Ra4 Qe6 56. Qa1 Qb3 57. Rxa2 Nf4 58. Ra7 Ne6 59. Qe5 Qb6 60.
Re7 1-0

[Event "9. Lovsprings EMT Basis 2 1997"]
[Site "Ringsted"]
[Date "1997.03.21"]
[Round "2"]
[White "Svava, Mogens"]
[Black "Andersen, Claus"]
[Result "1/2-1/2"]
[WhiteElo "1551"]
[BlackElo "1611"]
[PlyCount "43"]
[EventDate "1997.??.??"]

1. f4 d5 2. Nf3 e6 3. e3 Nf6 4. c4 Be7 5. a3 O-O 6. Nc3 b6 7. Be2 Bb7 8. O-O c5
9. d4 Nc6 10. Ne5 dxc4 11. Bf3 Qc8 12. Qa4 Nxe5 13. Bxb7 Qxb7 14. dxe5 Nd5 15.
Qxc4 Nxc3 16. bxc3 Rad8 17. Qe2 Qd5 18. c4 Qd3 19. Kf2 Rd7 20. Ra2 Rfd8 21.
Qxd3 Rxd3 22. Rc2 1/2-1/2

[Event "9. Lovsprings EMT Basis 2 1997"]
[Site "Ringsted"]
[Date "1997.04.04"]
[Round "3"]
[White "Andersen, Claus"]
[Black "Lassur, Benjamin"]
[Result "1/2-1/2"]
[WhiteElo "1611"]
[BlackElo "1686"]
[PlyCount "28"]
[EventDate "1997.??.??"]

1. e4 d5 2. exd5 Qxd5 3. Nc3 Qa5 4. d4 Nf6 5. Nf3 Bf5 6. Bd3 e6 7. O-O Bg4 8.
Be2 c6 9. Ne5 Bxe2 10. Qxe2 Bb4 11. Ne4 Nbd7 12. Nxf6+ Nxf6 13. c3 Be7 14. f4
g6 1/2-1/2

[Event "9. Lovsprings EMT Basis 2 1997"]
[Site "Ringsted"]
[Date "1997.04.04"]
[Round "3"]
[White "Eriksen, Tommy"]
[Black "Elholm, Tommy"]
[Result "1-0"]
[WhiteElo "1590"]
[BlackElo "1644"]
[PlyCount "99"]
[EventDate "1997.??.??"]

1. Nf3 Nf6 2. c4 c6 3. d4 d5 4. Nc3 e6 5. Bg5 Bb4 6. Qb3 Be7 7. e3 Nbd7 8. Be2
O-O 9. O-O Re8 10. Rac1 dxc4 11. Bxc4 Nd5 12. Ne4 Bxg5 13. Nfxg5 N7f6 14. Nc5
h6 15. Nf3 b6 16. Nd3 Bb7 17. Rfe1 Ne4 18. Nde5 Rc8 19. Bd3 Ng5 20. Nxg5 Qxg5
21. Qa4 c5 22. Nf3 Qg4 23. Be2 Nf6 24. Qxa7 Bd5 25. Qxf7+ Kh8 26. h3 Qe4 27.
Rcd1 c4 28. Bf1 Rf8 29. Qe7 Rce8 30. Qc7 Nh7 31. Qe5 Qg6 32. Nh4 Qc2 33. Qg3
Ng5 34. f3 Qxb2 35. Ng6+ Kg8 36. Nxf8 Rxf8 37. e4 Bc6 38. h4 Nh7 39. Bxc4 Ba4
40. Bxe6+ Kh8 41. Bb3 Bxb3 42. axb3 Qxb3 43. d5 Nf6 44. Rb1 Qc3 45. Rxb6 Nh5
46. Qf2 Ra8 47. Rc6 Qe5 48. d6 Ra1 49. Rxa1 Qxa1+ 50. Kh2 1-0

[Event "9. Lovsprings EMT Basis 2 1997"]
[Site "Ringsted"]
[Date "1997.04.04"]
[Round "3"]
[White "Hansen, Henning"]
[Black "Dickow, Flemming"]
[Result "1-0"]
[WhiteElo "1590"]
[BlackElo "1585"]
[PlyCount "27"]
[EventDate "1997.??.??"]

1. c4 Nf6 2. Nc3 e5 3. Nf3 Nc6 4. e3 Be7 5. d4 exd4 6. exd4 d5 7. cxd5 Nxd5 8.
Bb5 O-O 9. O-O Bf6 10. Re1 Nce7 11. Ne4 Nf5 12. Nxf6+ Qxf6 13. Bd3 Nd6 14. Bg5
1-0

[Event "9. Lovsprings EMT Basis 2 1997"]
[Site "Ringsted"]
[Date "1997.04.04"]
[Round "3"]
[White "Henriksen, Kasper"]
[Black "Andersson, Martin"]
[Result "0-1"]
[WhiteElo "1580"]
[BlackElo "1597"]
[PlyCount "110"]
[EventDate "1997.??.??"]

1. d4 Nf6 2. c4 g6 3. Nc3 Bg7 4. Nf3 d6 5. g3 O-O 6. Bg2 c5 7. d5 Bd7 8. O-O
Na6 9. e4 Nc7 10. a4 b6 11. Nd2 a6 12. Qe2 Rb8 13. f4 b5 14. e5 Nfe8 15. Nf3
bxc4 16. Re1 Rb4 17. Ng5 h6 18. Nxf7 Rxf7 19. e6 Bxe6 20. dxe6 Bd4+ 21. Kh1 Rf6
22. Bd5 Ng7 23. Qg4 Bxc3 24. bxc3 Rb3 25. Bxc4 Qa8+ 26. Kg1 Rxc3 27. Bb2 Rc2
28. Re2 h5 29. Qg5 Rxe2 30. Bxe2 Ncxe6 31. Bc4 Kh7 32. Qh4 Nd4 33. Bxd4 cxd4
34. Re1 Qb7 35. Qg5 Nf5 36. Bd3 Ne3 37. Re2 Qf3 38. Rf2 Qd1+ 39. Bf1 Nxf1 40.
Rxf1 Qxa4 41. f5 Kg7 42. Re1 Qe8 43. fxg6 Qxg6 44. Rxe7+ Kf8 45. Qxg6 Rxg6 46.
Ra7 d3 47. Kf2 Re6 48. Rxa6 Re2+ 49. Kf1 Rxh2 50. Rxd6 d2 51. Rd4 Ke7 52. Rd5
Ke6 53. Rd8 Kf5 54. Rd4 Ke5 55. Rd8 Ke4 0-1

[Event "9. Lovsprings EMT Basis 2 1997"]
[Site "Ringsted"]
[Date "1997.04.04"]
[Round "3"]
[White "Nielsen, Carl Otto"]
[Black "Jensen, Dan Bronnum"]
[Result "1-0"]
[WhiteElo "1668"]
[BlackElo "1611"]
[PlyCount "39"]
[EventDate "1997.??.??"]

1. d4 Nf6 2. c4 e6 3. Nc3 Bb4 4. e3 b6 5. Nf3 Bb7 6. Bd3 c5 7. a3 Bxc3+ 8. bxc3
O-O 9. O-O d5 10. cxd5 Bxd5 11. Re1 cxd4 12. e4 Bb7 13. e5 Nd5 14. Bxh7+ Kh8
15. Ng5 g6 16. Qg4 Bc8 17. Qh4 Kg7 18. Nxe6+ fxe6 19. Qh6+ Kf7 20. Bxg6+ 1-0

[Event "9. Lovsprings EMT Basis 2 1997"]
[Site "Ringsted"]
[Date "1997.04.04"]
[Round "3"]
[White "Olsen, Michael"]
[Black "Schmidt, Torben"]
[Result "1-0"]
[WhiteElo "1685"]
[BlackElo "1644"]
[PlyCount "93"]
[EventDate "1997.??.??"]

1. e4 e5 2. Nf3 Nc6 3. Bb5 a6 4. Ba4 Nf6 5. O-O b5 6. Bb3 Be7 7. Re1 d6 8. c3
Bg4 9. h3 Bh5 10. d3 Na5 11. Bc2 c5 12. a4 O-O 13. Nbd2 Qc7 14. b3 Nc6 15. g4
Bg6 16. Nf1 b4 17. c4 Qd7 18. Ne3 a5 19. Kg2 Rad8 20. Rg1 Nd4 21. Nxd4 cxd4 22.
Nf5 Bxf5 23. gxf5 g6 24. Kh2 Kh8 25. Bh6 Rg8 26. fxg6 fxg6 27. Qf3 Nh5 28. Bd1
Qe6 29. Qg2 Nf6 30. Bd2 Bf8 31. Bg5 Bg7 32. Bg4 Qf7 33. Raf1 Rdf8 34. f4 Nxg4+
35. hxg4 h6 36. Qh3 Kh7 37. Bxh6 Bxh6 38. g5 Qg7 39. Rg4 Rh8 40. gxh6 Qe7 41.
f5 gxf5 42. exf5 Rhg8 43. Rg7+ Rxg7 44. hxg7+ Kxg7 45. Rg1+ Kf7 46. Qh5+ Kf6
47. Qg6# 1-0

[Event "9. Lovsprings EMT Basis 2 1997"]
[Site "Ringsted"]
[Date "1997.04.04"]
[Round "3"]
[White "Paustian, Dennis"]
[Black "Mouritsen, Jan"]
[Result "1/2-1/2"]
[WhiteElo "1535"]
[BlackElo "1524"]
[PlyCount "35"]
[EventDate "1997.??.??"]

1. Nf3 f5 2. d4 Nf6 3. c4 e6 4. Nc3 d5 5. cxd5 exd5 6. Bf4 c6 7. e3 Bd6 8. Bxd6
Qxd6 9. Bd3 O-O 10. O-O Ne4 11. Ne5 Nd7 12. Nxd7 Bxd7 13. Rc1 Rf6 14. f4 Re8
15. Nxe4 fxe4 16. Be2 Rh6 17. Bg4 Bxg4 18. Qxg4 1/2-1/2

[Event "9. Lovsprings EMT Basis 2 1997"]
[Site "Ringsted"]
[Date "1997.04.11"]
[Round "4"]
[White "Andersson, Martin"]
[Black "Andersen, Claus"]
[Result "1/2-1/2"]
[WhiteElo "1597"]
[BlackElo "1611"]
[PlyCount "107"]
[EventDate "1997.??.??"]

1. e4 e6 2. d4 d5 3. e5 c5 4. c3 Nc6 5. Nf3 Qc7 6. Be3 cxd4 7. cxd4 Bb4+ 8.
Nbd2 Nge7 9. Bd3 O-O 10. O-O Ng6 11. h4 Be7 12. h5 Nh4 13. Nxh4 Bxh4 14. Qg4
Bd8 15. f4 f5 16. Qh3 Qf7 17. g4 Kh8 18. Rf2 Ne7 19. Rg2 fxg4 20. Rxg4 Nf5 21.
Bf2 Nh6 22. Rg3 Nf5 23. Rg2 Bd7 24. Kh1 Rg8 25. Rag1 Be7 26. Nf3 Raf8 27. Ng5
Qe8 28. Nf3 Qf7 29. Rc1 Rc8 30. Rxc8 Bxc8 31. Bxf5 exf5 32. e6 Qxe6 33. Ne5 h6
34. Bh4 Bxh4 35. Qxh4 Bd7 36. Qe7 Qxe7 37. Ng6+ Kh7 38. Nxe7 Re8 39. Nxd5 Re1+
40. Rg1 Rxg1+ 41. Kxg1 Bc6 42. Ne7 Be8 43. Nxf5 Bxh5 44. Nd6 Bf3 45. Nc8 a6 46.
Nb6 Kg8 47. Kf2 Bg4 48. Kg3 h5 49. Kh4 Kf7 50. Nc4 Ke6 51. Ne5 Be2 52. Kg3 Kd5
53. Kf2 Bd1 54. Ke3 1/2-1/2

[Event "9. Lovsprings EMT Basis 2 1997"]
[Site "Ringsted"]
[Date "1997.04.11"]
[Round "4"]
[White "Dickow, Flemming"]
[Black "Henriksen, Kasper"]
[Result "1-0"]
[WhiteElo "1585"]
[BlackElo "1580"]
[PlyCount "37"]
[EventDate "1997.??.??"]

1. b3 e5 2. Bb2 Nc6 3. c4 Bc5 4. e3 d5 5. cxd5 Qxd5 6. Nc3 Qd6 7. Ne4 Qe7 8.
Nxc5 Qxc5 9. Rc1 Qe7 10. a3 Bd7 11. b4 a6 12. Nf3 O-O-O 13. Qc2 Bg4 14. Bxa6
bxa6 15. Qxc6 Bxf3 16. Qxf3 Qd6 17. O-O Ne7 18. Rc5 f6 19. Rfc1 1-0

[Event "9. Lovsprings EMT Basis 2 1997"]
[Site "Ringsted"]
[Date "1997.04.11"]
[Round "4"]
[White "Elholm, Tommy"]
[Black "Schmidt, Torben"]
[Result "0-1"]
[WhiteElo "1644"]
[BlackElo "1644"]
[PlyCount "76"]
[EventDate "1997.??.??"]

1. d4 d5 2. c4 e5 3. dxe5 d4 4. Nf3 Nc6 5. g3 Be6 6. Nbd2 Qd7 7. Qa4 Nge7 8.
Bg2 Ng6 9. O-O Be7 10. Rd1 Rd8 11. Ne4 O-O 12. Be3 Qc8 13. Nxd4 Ncxe5 14. Nxe6
Qxe6 15. c5 Ng4 16. Bh3 f5 17. Bxg4 fxg4 18. Ng5 Qf5 19. Qc4+ Kh8 20. Rxd8 Bxd8
21. Ne6 Re8 22. Rd1 Be7 23. Nxc7 Rg8 24. Qd5 Ne5 25. Bf4 Bf6 26. Bxe5 Bxe5 27.
Ne6 h6 28. e4 Qf6 29. Qb3 Re8 30. Nf4 Bxf4 31. gxf4 Rxe4 32. Qxb7 Rxf4 33. Qg2
Qxb2 34. c6 Qc2 35. Rd7 Rc4 36. Rxa7 Rxc6 37. Qxg4 Rg6 38. Ra8+ Kh7 0-1

[Event "9. Lovsprings EMT Basis 2 1997"]
[Site "Ringsted"]
[Date "1997.04.11"]
[Round "4"]
[White "Eriksen, Tommy"]
[Black "Olsen, Michael"]
[Result "0-1"]
[WhiteElo "1590"]
[BlackElo "1685"]
[PlyCount "64"]
[EventDate "1997.??.??"]

1. Nf3 c5 2. c4 Nc6 3. Nc3 d6 4. b3 g6 5. Bb2 Bg7 6. e3 e5 7. d3 Nge7 8. Be2
O-O 9. Qd2 a6 10. Rd1 d5 11. cxd5 Nxd5 12. Ne4 b6 13. d4 f5 14. Ng3 cxd4 15.
exd4 e4 16. Ne5 Nxe5 17. dxe5 Be6 18. Bc4 Nc7 19. Qe2 Qe7 20. Rd6 b5 21. Bxe6+
Nxe6 22. O-O Nf4 23. Qd2 Nd3 24. f4 Nxb2 25. Qxb2 Qxd6 26. Qc2 Qd4+ 27. Kh1
Rac8 28. Qe2 Rfd8 29. Nxf5 gxf5 30. Qh5 Qf2 31. Rg1 e3 32. e6 Qxg1+ 0-1

[Event "9. Lovsprings EMT Basis 2 1997"]
[Site "Ringsted"]
[Date "1997.04.11"]
[Round "4"]
[White "Jensen, Dan Bronnum"]
[Black "Svava, Mogens"]
[Result "0-1"]
[WhiteElo "1611"]
[BlackElo "1551"]
[PlyCount "102"]
[EventDate "1997.??.??"]

1. d4 d5 2. Nc3 Bf5 3. Nf3 h6 4. g3 e6 5. a3 c5 6. e3 a6 7. Bg2 Nc6 8. O-O Nf6
9. Re1 Qc7 10. Bd2 b5 11. dxc5 Bxc5 12. b4 Be7 13. Ne2 Ne4 14. Nfd4 Nxd4 15.
Nxd4 Bg6 16. Bc1 Bf6 17. f3 Nc3 18. Qd2 O-O 19. Bf1 e5 20. Nb3 e4 21. Nd4 exf3
22. Bd3 Ne4 23. Bxe4 Bxe4 24. c3 Qd7 25. Rf1 Rac8 26. Bb2 Qg4 27. Qf2 h5 28.
Rac1 Bxd4 29. exd4 f5 30. Rfe1 Rc6 31. Kh1 Rg6 32. Rg1 h4 33. Rce1 Kf7 34. gxh4
Qxh4 35. Ref1 Qxf2 36. Rxf2 Rh6 37. Bc1 Rh5 38. Bf4 Rg8 39. Bg3 g5 40. Be5 Rg6
41. Ra1 Rc6 42. Rc1 f4 43. Kg1 Ke6 44. Ra2 Kf5 45. a4 bxa4 46. Rxa4 f2+ 47. Kf1
Rxh2 48. Rd1 Rh1+ 49. Kxf2 Rxd1 50. Ra3 Rh6 51. Ke2 Rdh1 0-1

[Event "9. Lovsprings EMT Basis 2 1997"]
[Site "Ringsted"]
[Date "1997.04.11"]
[Round "4"]
[White "Mouritsen, Jan"]
[Black "Lassur, Benjamin"]
[Result "0-1"]
[WhiteElo "1524"]
[BlackElo "1686"]
[PlyCount "30"]
[EventDate "1997.??.??"]

1. d4 Nf6 2. Nf3 d5 3. e3 Bg4 4. c4 e6 5. Nc3 Bb4 6. Qa4+ Nc6 7. Ne5 Bxc3+ 8.
bxc3 O-O 9. Nxc6 bxc6 10. Qxc6 Ne4 11. cxd5 Qf6 12. f3 Bxf3 13. dxe6 fxe6 14.
Rg1 Bg4 15. Qxe4 Qf2# 0-1

[Event "9. Lovsprings EMT Basis 2 1997"]
[Site "Ringsted"]
[Date "1997.04.11"]
[Round "4"]
[White "Paustian, Dennis"]
[Black "Hansen, Henning"]
[Result "1-0"]
[WhiteElo "1535"]
[BlackElo "1590"]
[PlyCount "81"]
[EventDate "1997.??.??"]

1. Nf3 c5 2. e4 e6 3. d4 cxd4 4. Nxd4 Nc6 5. Bc4 a6 6. O-O Qc7 7. Bb3 Nf6 8.
Re1 Nxd4 9. Qxd4 Bc5 10. Qd1 O-O 11. e5 Ne8 12. Qg4 d6 13. Bf4 dxe5 14. Bxe5
Qb6 15. Qg3 Bd7 16. Nc3 Be7 17. Ne4 f6 18. Bf4 Kh8 19. Rad1 Rd8 20. Nd6 g5 21.
Nxe8 Bxe8 22. Bc7 Rxd1 23. Rxd1 Qb5 24. Bd6 Qe2 25. Qd3 Qxd3 26. Rxd3 Bxd6 27.
Rxd6 Bf7 28. Kf1 e5 29. Rd7 Bxb3 30. axb3 Rc8 31. c3 Kg8 32. Rxb7 Rc6 33. Ke2
h5 34. h3 Kf8 35. g3 Ke8 36. Rh7 Rb6 37. b4 a5 38. bxa5 Rxb2+ 39. Kd3 Rxf2 40.
a6 Rf3+ 41. Kc4 1-0